[Event "Aragon-ch Seniors 65+"]
[Site "Zaragoza"]
[Date "2018.05.26"]
[Round "6"]
[White "Codina Escudero, Juan"]
[Black "Lopez Carcas, Jesus"]
[Result "1-0"]
[WhiteElo "1351"]
[BlackElo "1259"]
[PlyCount "53"]
[EventDate "2018.04.21"]
[EventType "swiss"]
[EventRounds "8"]
[EventCountry "ESP"]
[SourceTitle "EXT 2020"]
[Source "ChessBase"]
[SourceDate "2019.10.17"]
[SourceVersion "1"]
[SourceVersionDate "2019.10.17"]
[SourceQuality "1"]

1. d4 d5 2. c4 e6 3. h3 c5 4. cxd5 Qxd5 5. Nc3 Qc6 6. Nf3 cxd4 7. Qxd4 Nd7 8. Bf4 Ne7 9. Ne5 Nxe5 10. Bxe5 Nf5 11. Qg4 Bd7 12. e4 Nh6 13. Qg3 0-0-0 14. Bb5 Qc5 15. Bxd7+ Rxd7 16. 0-0 f6 17. Bf4 Bd6 18. Rac1 Bxf4 19. Qxf4 Qb6 20. Na4+ Qc7 21. Rxc7+ Rxc7 22. Rc1 Rxc1+ 23. Qxc1+ Kb8 24. a3 Nf7 25. Qc5 e5 26. Qe7 Ng5 27. Nc5 1-0

[Event "Aragon-ch Seniors 65+"]
[Site "Zaragoza"]
[Date "2018.05.12"]
[Round "4"]
[White "Lorente Latorre, Antonio"]
[Black "Lopez Carcas, Jesus"]
[Result "1-0"]
[WhiteElo "1648"]
[BlackElo "1259"]
[PlyCount "93"]
[EventDate "2018.04.21"]
[EventType "swiss"]
[EventRounds "8"]
[EventCountry "ESP"]
[SourceTitle "EXT 2020"]
[Source "ChessBase"]
[SourceDate "2019.10.17"]
[SourceVersion "1"]
[SourceVersionDate "2019.10.17"]
[SourceQuality "1"]

1. d4 d5 2. Nf3 Nf6 3. e3 Bg4 4. Bd3 Nbd7 5. Nbd2 e5 6. dxe5 Nxe5 7. Be2 Bd6 8. h3 Nxf3+ 9. Nxf3 Be6 10. 0-0 0-0 11. b3 Qd7 12. Bb2 Ne4 13. Bd3 f5 14. Nd4 Rae8 15. Qe1 f4 16. Nb5 Bxh3 17. f3 Qf5 18. gxh3 Qg5+ 19. Kh2 Nf6 20. Rg1 Qh5 21. e4 dxe4 22. fxe4 Be5 23. Bxe5 Qxe5 24. Qc3 Qxc3 25. Nxc3 Nd7 26. Raf1 Ne5 27. Nd5 f3 28. Rf2 c6 29. Ne3 Rf6 30. Nf5 g6 31. Nh6+ Kg7 32. Ng4 Rf4 33. Nxe5 Rxe5 34. Rg3 b5 35. Rgxf3 Rxf3 36. Rxf3 Re6 37. Kg2 Re5 38. h4 Re7 39. Kg3 h6 40. Rf4 Re5 41. c4 b4 42. c5 g5 43. hxg5 Rxg5+ 44. Rg4 Kf6 45. Rxg5 Kxg5 46. Ba6 Kf6 47. Bb7 1-0

[Event "Aragon-ch Seniors 65+"]
[Site "Zaragoza"]
[Date "2018.05.06"]
[Round "3"]
[White "Lopez Carcas, Jesus"]
[Black "Cortes Sobrevilla, Cecilio"]
[Result "0-1"]
[WhiteElo "1259"]
[BlackElo "1617"]
[PlyCount "76"]
[EventDate "2018.04.21"]
[EventType "swiss"]
[EventRounds "8"]
[EventCountry "ESP"]
[SourceTitle "EXT 2020"]
[Source "ChessBase"]
[SourceDate "2019.10.17"]
[SourceVersion "1"]
[SourceVersionDate "2019.10.17"]
[SourceQuality "1"]

1. e4 d6 2. f4 g6 3. Nf3 Nd7 4. Bc4 e6 5. d4 c6 6. Qd3 a5 7. c3 a4 8. a3 b5 9. Ba2 Qc7 10. 0-0 Ne7 11. f5 exf5 12. exf5 Nxf5 13. Ng5 d5 14. g4 Nd6 15. Bf4 Nf6 16. Be5 Bg7 17. Bxf6 Bxf6 18. Rxf6 Bxg4 19. Qg3 Qe7 20. Rxd6 Qxg5 21. Qe1+ Be6+ 22. Kh1 0-0 23. Nd2 Bh3 24. Qf2 Rae8 25. Nf3 Qf4 26. Rxc6 Re3 27. Bxd5 Rfe8 28. Qg3 Qf5 29. Rb6 Bg4 30. Bxf7+ Qxf7 31. Qxg4 Rxf3 32. Rxb5 Rf1+ 33. Rxf1 Qxf1+ 34. Qg1 Qxb5 35. Qc1 Re2 36. Qf1 Qxb2 37. Kg1 Qd2 38. Kh1 Re1 0-1

[Event "Aragon-ch Seniors-B"]
[Site "Zaragoza"]
[Date "2017.05.27"]
[Round "6"]
[White "Lopez Carcas, Jesus"]
[Black "Burillo Lazaro, Amelia"]
[Result "1-0"]
[WhiteElo "1370"]
[BlackElo "1387"]
[PlyCount "61"]
[EventDate "2017.04.22"]
[EventType "swiss"]
[EventRounds "8"]
[EventCountry "ESP"]
[SourceTitle "EXT 2019"]
[Source "ChessBase"]
[SourceDate "2018.10.10"]
[SourceVersion "1"]
[SourceVersionDate "2018.10.10"]
[SourceQuality "1"]

1. e4 g6 2. f4 Bg7 3. d4 d6 4. Nf3 Nd7 5. Bc4 Nh6 6. h3 c6 7. c3 b5 8. Bd3 e5 9. 0-0 0-0 10. a4 Qb6 11. a5 Qc7 12. b4 a6 13. Be3 f5 14. Ng5 Nf6 15. Qb3+ Kh8 16. fxe5 dxe5 17. Nd2 f4 18. Bf2 Nh5 19. Ndf3 Ng3 20. Rfc1 Nf7 21. d5 Nxg5 22. Nxg5 Bh6 23. Bb6 Qb7 24. Nf3 Qf7 25. Nxe5 Qb7 26. dxc6 Qb8 27. Nf7+ Rxf7 28. Qxf7 Qd6 29. Bd4+ Qxd4+ 30. cxd4 Bg7 31. Qe8+ 1-0

[Event "Aragon-ch Seniors-B"]
[Site "Zaragoza"]
[Date "2017.05.13"]
[Round "4"]
[White "Cortes Sobrevilla, Cecilio"]
[Black "Lopez Carcas, Jesus"]
[Result "1-0"]
[WhiteElo "1570"]
[BlackElo "1370"]
[PlyCount "105"]
[EventDate "2017.04.22"]
[EventType "swiss"]
[EventRounds "8"]
[EventCountry "ESP"]
[SourceTitle "EXT 2019"]
[Source "ChessBase"]
[SourceDate "2018.10.10"]
[SourceVersion "1"]
[SourceVersionDate "2018.10.10"]
[SourceQuality "1"]

1. d4 d5 2. Nf3 h6 3. e3 Bg4 4. Be2 c6 5. Nbd2 Qc7 6. b3 Nd7 7. c4 e5 8. Bb2 Bxf3 9. Bxf3 e4 10. Bg4 Ngf6 11. Bh3 Bb4 12. a3 Bd6 13. g3 0-0-0 14. cxd5 Nxd5 15. Nxe4 Kb8 16. 0-0 g5 17. Bg2 f5 18. Nxd6 Qxd6 19. b4 Rhf8 20. Qd2 N7b6 21. Qc2 Rc8 22. Bc1 f4 23. e4 Ne7 24. Qd3 Rcd8 25. Rd1 Ng6 26. Qb3 Ne5 27. Bb2 Ng6 28. e5 Qc7 29. a4 f3 30. Bxf3 Nd5 31. b5 Rxf3 32. Qxf3 Rf8 33. Qe2 Re8 34. Qh5 Qg7 35. bxc6 bxc6 36. Ba3 Re6 37. Bd6+ Kc8 38. Rab1 Nb6 39. a5 Nd7 40. Qf3 Ne7 41. Rdc1 Kd8 42. Rxc6 g4 43. Qc3 Qg6 44. Rc1 Ke8 45. Rc8+ Kf7 46. Rc7 Ke8 47. Rc8+ Kf7 48. Qc7 Qg5 49. Qxd7 Rxd6 50. Qe8+ Kg7 51. exd6 Nxc8 52. Rc7+ Kf6 53. Qf7# 1-0

[Event "Aragon-ch Seniors-B"]
[Site "Zaragoza"]
[Date "2017.04.29"]
[Round "2"]
[White "Martinez Crespo, Juan"]
[Black "Lopez Carcas, Jesus"]
[Result "1/2-1/2"]
[WhiteElo "1707"]
[BlackElo "1370"]
[PlyCount "87"]
[EventDate "2017.04.22"]
[EventType "swiss"]
[EventRounds "8"]
[EventCountry "ESP"]
[SourceTitle "EXT 2019"]
[Source "ChessBase"]
[SourceDate "2018.10.10"]
[SourceVersion "1"]
[SourceVersionDate "2018.10.10"]
[SourceQuality "1"]

1. e4 e5 2. Nf3 Nc6 3. Bb5 Nd4 4. Bc4 Nxf3+ 5. Qxf3 Qf6 6. Qb3 Bc5 7. 0-0 Ne7 8. d3 a6 9. Be3 Ba7 10. a4 0-0 11. Nc3 c6 12. Bxa7 Rxa7 13. Qb6 Ra8 14. Qe3 Ng6 15. Ne2 d6 16. f4 exf4 17. Nxf4 Qxb2 18. Nxg6 hxg6 19. Qg3 Qd4+ 20. Kh1 Be6 21. Bxe6 fxe6 22. Qxg6 Rf6 23. Qg4 Raf8 24. Qe2 Rxf1+ 25. Rxf1 Rxf1+ 26. Qxf1 Qxa4 27. Qd1 c5 28. h3 b5 29. Qg4 Qa1+ 30. Kh2 Qe5+ 31. g3 a5 32. Qg6 Kf8 33. Qh7 Qf6 34. Qh8+ Kf7 35. Kg2 a4 36. Qa8 Qc3 37. Qb7+ Kf6 38. Qxb5 Qxc2+ 39. Kf3 Qb3 40. Qa6 a3 41. Qxd6 c4 42. e5+ Kf7 43. Qd7+ Kg8 44. Qe8+ 1/2-1/2

[Event "Aragon-ch Seniors"]
[Site "Zaragoza"]
[Date "2015.06.06"]
[Round "8"]
[White "Cervera Soler, Ramon"]
[Black "Lopez Carcas, Jesus"]
[Result "1-0"]
[WhiteElo "1498"]
[BlackElo "1430"]
[PlyCount "109"]
[EventDate "2015.04.18"]
[EventType "swiss"]
[EventRounds "8"]
[EventCountry "ESP"]
[SourceTitle "EXT 2017"]
[Source "ChessBase"]
[SourceDate "2016.10.25"]
[SourceVersion "1"]
[SourceVersionDate "2016.10.25"]
[SourceQuality "1"]

1. c4 Nf6 2. Nc3 g6 3. g3 c6 4. Bg2 Bg7 5. d4 d6 6. Bg5 0-0 7. Qc1 Nbd7 8. Bh6 Bxh6 9. Qxh6 Qb6 10. Qd2 e5 11. Nf3 e4 12. Ng5 d5 13. cxd5 cxd5 14. 0-0 a6 15. Nh3 Qd6 16. Qf4 Qb6 17. Qd2 Rd8 18. Na4 Qd6 19. Rfc1 b5 20. Nc5 Nxc5 21. Rxc5 Nd7 22. Rc3 Nb6 23. b3 Bd7 24. Qh6 Bxh3 25. Bxh3 f5 26. Rac1 Rac8 27. g4 Rxc3 28. Rxc3 f4 29. g5 a5 30. Qh4 Qb4 31. Rc7 Qe1+ 32. Bf1 Rd7 33. Qxf4 Qb4 34. Rxd7 Nxd7 35. Qc7 Qe7 36. h4 Qe6 37. Qf4 Nf8 38. e3 Qf5 39. Qxf5 gxf5 40. Bxb5 Ng6 41. h5 Ne7 42. Kg2 Kg7 43. Kg3 h6 44. g6 Kf6 45. Kf4 Ke6 46. Be8 Kf6 47. a3 Nc8 48. b4 a4 49. Bxa4 Nb6 50. Be8 Nc4 51. a4 Ke6 52. a5 Nd6 53. Ba4 Nc4 54. Be8 Nd6 55. g7 1-0

[Event "Aragon-ch Seniors"]
[Site "Zaragoza"]
[Date "2015.05.23"]
[Round "6"]
[White "Lera Perez, Jose Carlos"]
[Black "Lopez Carcas, Jesus"]
[Result "0-1"]
[WhiteElo "1624"]
[BlackElo "1430"]
[PlyCount "56"]
[EventDate "2015.04.18"]
[EventType "swiss"]
[EventRounds "8"]
[EventCountry "ESP"]
[SourceTitle "EXT 2017"]
[Source "ChessBase"]
[SourceDate "2016.10.25"]
[SourceVersion "1"]
[SourceVersionDate "2016.10.25"]
[SourceQuality "1"]

1. d4 d6 2. c4 g6 3. Nc3 Bg7 4. e4 c6 5. Be3 Nf6 6. Qd2 0-0 7. Bh6 Nbd7 8. Bxg7 Kxg7 9. Nf3 Qc7 10. Be2 e5 11. d5 Nc5 12. Qc2 a5 13. 0-0 Ne8 14. Na4 Nxa4 15. Qxa4 f5 16. Bd3 fxe4 17. Bxe4 Nf6 18. Nd2 cxd5 19. Bxd5 Nxd5 20. cxd5 Rf4 21. Ne4 Bf5 22. f3 Rf8 23. Rac1 Qb6+ 24. Kh1 Bxe4 25. Qd7+ R8f7 26. Qc8 Bxd5 27. b3 e4 28. Rcd1 exf3 0-1

[Event "Aragon-ch Seniors"]
[Site "Zaragoza"]
[Date "2015.05.09"]
[Round "4"]
[White "Burillo Lazaro, Amelia"]
[Black "Lopez Carcas, Jesus"]
[Result "1-0"]
[WhiteElo "1474"]
[BlackElo "1430"]
[PlyCount "45"]
[EventDate "2015.04.18"]
[EventType "swiss"]
[EventRounds "8"]
[EventCountry "ESP"]
[SourceTitle "EXT 2017"]
[Source "ChessBase"]
[SourceDate "2016.10.25"]
[SourceVersion "1"]
[SourceVersionDate "2016.10.25"]
[SourceQuality "1"]

1. d4 d5 2. e3 Nf6 3. c4 Nc6 4. Nf3 Bg4 5. Nbd2 e5 6. Qb3 b6 7. Nxe5 Na5 8. Qa4+ Bd7 9. Nxd7 Qxd7 10. Qxd7+ Kxd7 11. Bd3 c5 12. 0-0 Bd6 13. cxd5 Rae8 14. Bb5+ Kc7 15. Bxe8 Rxe8 16. Nf3 Nc4 17. Rd1 Nxd5 18. dxc5 Kc6 19. cxd6 Nxd6 20. Bd2 Kc5 21. Rac1+ Kb5 22. Be1 Re4 23. Rxd5+ 1-0

[Event "Aragon-ch Seniors"]
[Site "Zaragoza"]
[Date "2015.04.25"]
[Round "2"]
[White "Requeno Otin, Juan Jose"]
[Black "Lopez Carcas, Jesus"]
[Result "1/2-1/2"]
[WhiteElo "1446"]
[BlackElo "1430"]
[PlyCount "109"]
[EventDate "2015.04.18"]
[EventType "swiss"]
[EventRounds "8"]
[EventCountry "ESP"]
[SourceTitle "EXT 2017"]
[Source "ChessBase"]
[SourceDate "2016.10.25"]
[SourceVersion "1"]
[SourceVersionDate "2016.10.25"]
[SourceQuality "1"]

1. d4 d5 2. Nf3 Nf6 3. Bf4 Nh5 4. Bd2 Nc6 5. e3 Bg4 6. c4 e6 7. cxd5 Qxd5 8. Be2 Nf6 9. 0-0 Bd6 10. Nc3 Qf5 11. Nh4 Qh5 12. g3 Bxe2 13. Qxe2 Qxe2 14. Nxe2 g5 15. Nf3 Ne4 16. Bc1 h5 17. Nc3 Nxc3 18. bxc3 f6 19. Rb1 0-0-0 20. Nd2 a6 21. Ne4 Be7 22. Rb3 f5 23. Nd2 Na5 24. Rb1 h4 25. Nb3 Nc4 26. Nd2 Nb6 27. Rb3 Nd5 28. Ba3 Bxa3 29. Rxa3 f4 30. exf4 gxf4 31. Nf3 fxg3 32. Ne5 gxf2+ 33. Rxf2 Rhg8+ 34. Rg2 h3 35. Rg3 Ne3 36. Kf2 Rxg3 37. Kxg3 Rh8 38. c4 Nf5+ 39. Kg4 Nxd4 40. Rxh3 Rxh3 41. Kxh3 Kd8 42. Kg4 Ke7 43. Kf4 Kd6 44. h4 Ne2+ 45. Ke4 Ng3+ 46. Kf4 Nh5+ 47. Ke4 c5 48. Nf7+ Ke7 49. Ng5 b5 50. cxb5 axb5 51. Ke5 Ng7 52. Ne4 c4 53. Nd6 Nf5 54. Nxb5 Nxh4 55. Kd4 1/2-1/2